000 00954nam a2200241Ia 4500
003 OSt
005 20220923211058.0
006 a|||||r|||| 00| 0
007 ta
008 Pun
020 _a817770138X (hbk)
_c200
024 _a238,206
037 _b236, 17/12/2008, N. R. Book Distributors
_cTextual
040 _aARTS
_cARTS
_bPun
041 _2Pun
_aPun
082 _aQ8441:33:g, 153P6
100 _aਢਿੱਲੋ੍ਵ, ਜਸਵਿੰਦਰ ਕੈਰ, ਥਦ.
_9157941
245 0 _aਗੁਰੂ ਨਾਨਕ-ਬਾਣੀ
_b ਸਮਾਜਿਕ ਅਤੇ ਸਭਿਆਚਾਰਕ ਪਰਿਪੇਖ
260 _aਅੰਮ੍ਰਿਤਸਰ
_b ਗੁਰੂ ਨਾਨਕ ਦੇਵ ਯੂਨੀਵਰਸਿਟੀ
_c2006
300 _a214ਪੰ
_ccm.
942 _hQ8441:33:g, 153P6
_cTEXL
_2CC
999 _c294906
_d294906